书目信息 |
| 题名: |
农产品生产加工中砷的迁移与控制
|
|
| 作者: | 王锋 , 何振艳 , 顾丰颖 主编 | |
| 分册: | ||
| 出版信息: | 北京 中国农业出版社 2022.04 |
|
| 页数: | 124页 | |
| 开本: | 26cm | |
| 丛书名: | ||
| 单 册: | ||
| 中图分类: | X560.6 | |
| 科图分类: | ||
| 主题词: | 农产品生产--nong chan pin sheng chan--砷--重金属污染--研究 , 农产品加工--nong chan pin jia gong--砷--重金属污染--研究 | |
| 电子资源: | ||
| ISBN: | 978-7-109-28333-6 | |
| 000 | 01364nam0 2200265 450 | |
| 001 | 25275 | |
| 005 | 20220918173801.29 | |
| 010 | @a978-7-109-28333-6@dCNY49.00 | |
| 100 | @a20220607d2022 em y0chiy50 ea | |
| 101 | 0 | @achi |
| 102 | @aCN@b110000 | |
| 105 | @aa a 000yy | |
| 200 | 1 | @a农产品生产加工中砷的迁移与控制@Anong chan pin sheng chan jia gong zhong shen de qian yi yu kong zhi@f王锋, 何振艳, 顾丰颖主编 |
| 210 | @a北京@c中国农业出版社@d2022.04 | |
| 215 | @a124页@c图@d26cm | |
| 320 | @a有书目 | |
| 330 | @a本书详细阐述了砷在多种食品的种植、生产、加工、贮运过程中的迁移、转化现象, 汇集评述了从品种筛选、土壤改良、种植方式、加工控制等多方面对食品中砷含量及形态的调控手段。是对食品全产业链中砷的污染及防控方面的系统梳理。重金属污染问题一直是食品安全最为关注的问题之一。砷元素广泛存在于自然界, 同时砷及其化合物也被广泛应用于农药、杀虫剂、除草剂等领域, 世界范围内由于砷引起的饮水和食品安全问题时有发生, 引起公众及学术界的广泛关注, 已成为亟需解决的公共卫生问题及制约产业健康发展的瓶颈问题。 | |
| 606 | 0 | @a农产品生产@Anong chan pin sheng chan@x砷@x重金属污染@x研究 |
| 606 | 0 | @a农产品加工@Anong chan pin jia gong@x砷@x重金属污染@x研究 |
| 690 | @aX560.6@v5 | |
| 701 | 0 | @a王锋@Awang feng@4主编 |
| 701 | 0 | @a何振艳@Ahe zhen yan@4主编 |
| 701 | 0 | @a顾丰颖@Agu feng ying@4主编 |
| 801 | 0 | @aCN@c20220910 |
| 905 | @a河南城建学院图书馆@dX560.6@eW172@f1 | |
| 农产品生产加工中砷的迁移与控制/王锋, 何振艳, 顾丰颖主编.-北京:中国农业出版社,2022.04 |
| 124页:图;26cm |
| ISBN 978-7-109-28333-6:CNY49.00 |
| 本书详细阐述了砷在多种食品的种植、生产、加工、贮运过程中的迁移、转化现象, 汇集评述了从品种筛选、土壤改良、种植方式、加工控制等多方面对食品中砷含量及形态的调控手段。是对食品全产业链中砷的污染及防控方面的系统梳理。重金属污染问题一直是食品安全最为关注的问题之一。砷元素广泛存在于自然界, 同时砷及其化合物也被广泛应用于农药、杀虫剂、除草剂等领域, 世界范围内由于砷引起的饮水和食品安全问题时有发生, 引起公众及学术界的广泛关注, 已成为亟需解决的公共卫生问题及制约产业健康发展的瓶颈问题。 |
| ● |
| 相关链接 |
|
|
|
正题名:农产品生产加工中砷的迁移与控制
索取号:X560.6/W172
 
预约/预借
| 序号 | 登录号 | 条形码 | 馆藏地/架位号 | 状态 | 备注 |
| 1 | 1576106 | 215761067 | 自科库501/501自科库 102排2列2层/ [索取号:X560.6/W172] | 在馆 |